• 首页
  • 本馆介绍
  • 公告通知
  • 最新文献
  • 馆藏检索
  • 电子资源
  • 读者导购
  • 参考咨询
  • 我的图书馆
  • 登录
  • 详细信息显示
  • 放入我的书架
  • 预约/预借图书
  • 作者相关作品
  • 分类相关作品
  • 丛书相关作品
  • 出版社相关作品

书目信息

  • 表格格式
  • 工作单格式
  • 卡片格式
题名:
园林美术
    
 
作者: 张启亮 , 李宾 , 陈泽 主编
分册:  
出版信息: 西安   世界图书出版西安有限公司  2018.06
页数: 125页
开本: 26cm
丛书名:
单 册:
中图分类: TU986.1
科图分类:
主题词: 园林艺术--绘画技法--高等学校--教材
电子资源:
ISBN: 978-7-5100-7459-2
000 00895nam0 2200253 450
001 329
005 20180922075545.63
010    @a978-7-5100-7459-2@dCNY68.00
100    @a20170328d2018 em y0chiy50 ea
101 0  @achi
102    @aCN@b610000
105    @aa z 000yy
200 1  @a园林美术@9yuan lin mei shu@f张启亮,李宾,陈泽主编
210    @a西安@c世界图书出版西安有限公司@d2018.06
215    @a125页@c图@d26cm
300    @a高等院校“十二五”规划教材
330    @a本书分五章讲述园林美术领域的内容,涉及园林风景画的表现基础知识、园林风景写生素描训练、园林风景写生色彩训练、园林美术设计中的构成形式等方面。
606 0  @a园林艺术@x绘画技法@x高等学校@j教材
690    @aTU986.1@v5
701  0 @a张启亮@9zhang qi liang@f(1977-)@4主编
701  0 @a李宾@9li bin@c(女,@f1975-)@4主编
701  0 @a陈泽@9chen ze@4主编
801  0 @aCN@b91MARC@c20170328
905    @aMuseLib@dTU986.1@e1426
    
    园林美术/张启亮,李宾,陈泽主编.-西安:世界图书出版西安有限公司,2018.06
    125页:图;26cm
    高等院校“十二五”规划教材
    
    ISBN 978-7-5100-7459-2:CNY68.00
    本书分五章讲述园林美术领域的内容,涉及园林风景画的表现基础知识、园林风景写生素描训练、园林风景写生色彩训练、园林美术设计中的构成形式等方面。
●
相关链接 在E读中查询图书 在五车中查询图书 在当当中查询图书 在豆瓣中查询图书


正题名:园林美术     索取号:TU986.1/1426         预约/预借

序号 登录号 条形码 馆藏地/架位号 状态 备注
1 1119369   211193698   第二样本阅览室/ [索取号:TU986.1/1426] 在馆    
2 1119370   211193705   第三借阅区/ [索取号:TU986.1/1426] 在馆    
3 1119371   211193714   第三借阅区/ [索取号:TU986.1/1426] 在馆    
4 1119372   211193723   第三借阅区/ [索取号:TU986.1/1426] 在馆    
5 1119373   211193732   第三借阅区/ [索取号:TU986.1/1426] 在馆    
唐山师范学院图书馆 欢迎您!
大连网信软件有限公司© 版权所有